00572 2200205 4500001002100000005001500021035002000036007000300056008004100059020002200100082001000122084001600132100002000148245007600168250001100244260004300255300003300298650002600331990000900357INLIS00000000001213020220624023857 a0010-0622000640ta220624 g 0 ind  a978-979-16153-2-7 a153.4 a153.4 AMI i0 aAmin, A. Riawan1 aIndonesia Militan :bIntelek, Kompetitif, Regeneratif /cA. Riawan Amin aCet. 1 aJakarta :bCelestial Publishing,c2008 ax, 194 hlm ;c12,5 x 19,2 cm 4aPikiran dan Pemikiran a4097